[Event "XXXVIII Olimpiadi"]
[Site "Dresda GER"]
[Date "2008.11.23"]
[Round "10.4"]
[White "Zagorskis, Darius"]
[Black "Rombaldoni, Denis"]
[Result "1-0"]
[WhiteElo "2509"]
[BlackElo "2436"]
[Annotator "ITA-LTU"]
[PlyCount "85"]
[EventDate "2008.11.13"]

1. Nf3 Nf6 2. g3 d5 3. Bg2 c6 4. O-O Bg4 5. d4 Nbd7 6. Nbd2 e6 7. Re1 Bd6 8. e4
dxe4 9. Nxe4 Nxe4 10. Rxe4 Nf6 11. Re1 h6 12. c3 O-O 13. Qb3 Qc7 14. Ne5 Bf5
15. Nc4 b6 16. a4 Nd5 17. Nxd6 Qxd6 18. Bd2 a5 19. Rec1 Ra7 20. c4 Nb4 21. Bxb4
axb4 22. c5 Qxd4 23. Rc4 Qd3 24. Qxb4 Rxa4 25. Qxa4 b5 26. Qb4 bxc4 27. Bxc6
Rc8 28. Qb7 Rxc6 29. Qxc6 Be4 30. Qe8+ Kh7 31. Qxf7 Bc6 32. Rf1 Qd5 33. f3
Qxc5+ 34. Kg2 Bd5 35. Qf4 Qb4 36. Qd4 Qb7 37. g4 Qe7 38. Qe5 Qb4 39. Kg3 Qd2
40. Qc3 Qxc3 41. bxc3 Kg6 42. f4 Kf6 43. Re1 1-0

[Event "XXXVIII Olimpiadi (San Marino)"]
[Site "Dresda GER"]
[Date "2008.11.13"]
[Round "1.1"]
[White "Guidi, Guido"]
[Black "Samhouri, Bilal"]
[Result "1/2-1/2"]
[WhiteElo "1828"]
[BlackElo "2205"]
[Annotator "SMR-JOR"]
[PlyCount "59"]
[EventDate "2008.11.13"]

1. d4 Nf6 2. Nf3 d5 3. Bf4 c5 4. e3 Qb6 5. b3 e6 6. c3 Nc6 7. Be2 Ne4 8. O-O
Be7 9. h3 O-O 10. Qd3 Bd7 11. Ne5 Nxe5 12. Bxe5 f6 13. Bh2 Bd6 14. Nd2 Bxh2+
15. Kxh2 Nxd2 16. Qxd2 Qd6+ 17. Kh1 Rad8 18. Rad1 Bc6 19. dxc5 Qxc5 20. Qd4 Qa5
21. Qd2 e5 22. c4 Qc7 23. cxd5 Bxd5 24. Qc1 Bc6 25. Bf3 Rc8 26. Qc4+ Qf7 27.
Qxf7+ Rxf7 28. Bxc6 Rxc6 29. Rd8+ Rf8 30. Ra1 1/2-1/2

[Event "XXXVIII Olimpiadi (San Marino)"]
[Site "Dresda GER"]
[Date "2008.11.13"]
[Round "1.4"]
[White "Mohannad, Farhan"]
[Black "Righi, Ezio"]
[Result "1-0"]
[WhiteElo "2269"]
[BlackElo "2094"]
[Annotator "SMR-JOR"]
[PlyCount "54"]
[EventDate "2008.11.13"]

1. d4 Nf6 2. c4 e6 3. Nc3 Bb4 4. e3 c5 5. dxc5 Na6 6. Nge2 Nxc5 7. a3 Bxc3+ 8.
Nxc3 d5 9. b4 Nce4 10. Nxe4 Nxe4 11. Bb2 O-O 12. Bd3 Qg5 13. O-O b6 14. Kh1 Qh4
15. Kg1 Bb7 16. f3 Nd6 17. cxd5 Bxd5 18. e4 Bb7 19. Qe2 Rac8 20. f4 Rfd8 21.
Rf3 Qh5 22. Bxg7 Nxe4 23. Be5 Nf6 24. Rg3+ Kf8 25. Bxf6 Qxe2 26. Bxe2 Rd2 27.
Bf1 Ra8 1-0

[Event "XXXVIII Olimpiadi (San Marino)"]
[Site "Dresda GER"]
[Date "2008.11.14"]
[Round "2.4"]
[White "Grassi, Enrico"]
[Black "Kawuma, Moses"]
[Result "0-1"]
[WhiteElo "2063"]
[BlackElo "2204"]
[Annotator "SMR-UGA"]
[PlyCount "50"]
[EventDate "2008.11.13"]

1. e4 c5 2. Nf3 Nc6 3. d4 cxd4 4. Nxd4 Nf6 5. Nc3 e5 6. Ndb5 d6 7. Bg5 a6 8.
Na3 b5 9. Bxf6 gxf6 10. Nd5 f5 11. Bd3 Be6 12. Qh5 Rg8 13. g3 Rg4 14. f3 Rg6
15. Qxh7 Rh6 16. Qg8 Rg6 17. Qh8 Bxd5 18. exd5 Qg5 19. f4 exf4 20. O-O-O fxg3+
21. Kb1 Ne5 22. hxg3 Rg8 23. Qh3 Qxg3 24. Bxf5 Qxh3 25. Bxh3 b4 0-1

[Event "XXXVIII Olimpiadi (San Marino)"]
[Site "Dresda GER"]
[Date "2008.11.15"]
[Round "3.1"]
[White "Prusikin, Michael"]
[Black "Volpinari, Danilo"]
[Result "1-0"]
[WhiteElo "2538"]
[BlackElo "2072"]
[Annotator "SMR-GER3"]
[PlyCount "81"]
[EventDate "2008.11.13"]

1. d4 g6 2. e4 Bg7 3. Nc3 d6 4. Be3 a6 5. a4 b6 6. g3 Bb7 7. Bg2 e6 8. Nge2 Ne7
9. Qd2 h6 10. O-O Nd7 11. Rae1 Nf6 12. h3 Kf8 13. f4 Kg8 14. g4 d5 15. e5 Nd7
16. Ng3 c5 17. Nce2 Nc6 18. c3 a5 19. f5 Ba6 20. Rf2 Bxe2 21. Nxe2 Qe8 22. Nf4
Rc8 23. Qd3 Kh7 24. Qb1 cxd4 25. cxd4 Nb4 26. h4 h5 27. fxg6+ fxg6 28. gxh5 Nf8
29. hxg6+ Kg8 30. h5 Bh6 31. Qd1 b5 32. Qg4 Rc7 33. Ref1 bxa4 34. Nxd5 Nxd5 35.
Bxh6 Rxh6 36. Rxf8+ Qxf8 37. Qxe6+ Kg7 38. Rxf8 Kxf8 39. Bxd5 Rxh5 40. Qg8+ Ke7
41. Qf7+ 1-0

[Event "XXXVIII Olimpiadi (San Marino)"]
[Site "Dresda GER"]
[Date "2008.11.15"]
[Round "3.3"]
[White "Jorczik, Julian"]
[Black "Grassi, Enrico"]
[Result "1-0"]
[WhiteElo "2382"]
[BlackElo "2063"]
[Annotator "SMR-GER3"]
[PlyCount "89"]
[EventDate "2008.11.13"]

1. d4 Nf6 2. c4 g6 3. Nc3 Bg7 4. e4 d6 5. Be2 O-O 6. Bg5 h6 7. Be3 e5 8. d5 Na6
9. Qd2 Kh7 10. f3 Nh5 11. Bd1 f5 12. Nge2 f4 13. Bf2 Nc5 14. b4 Nd7 15. Nc1 a5
16. bxa5 Rxa5 17. Nb3 Ra8 18. c5 Ndf6 19. cxd6 cxd6 20. Nb5 Rf7 21. a4 Bf8 22.
a5 Ne8 23. Bb6 Qh4+ 24. Qf2 Qxf2+ 25. Kxf2 Bd7 26. Be2 Bxb5 27. Bxb5 Nc7 28.
Bd3 Nf6 29. Ke2 Na6 30. Nd2 Nd7 31. Bf2 Ndc5 32. Bb5 Nc7 33. Rhb1 N7a6 34. Bxa6
Nxa6 35. Rb5 Rc8 36. Rab1 Rcc7 37. Kd3 Nc5+ 38. Bxc5 dxc5 39. Nc4 Bg7 40. Nd6
Rfe7 41. Nxb7 c4+ 42. Kc3 Red7 43. a6 Rc8 44. Rc5 Ra8 45. Rc6 1-0

[Event "XXXVIII Olimpiadi (San Marino)"]
[Site "Dresda GER"]
[Date "2008.11.16"]
[Round "4.1"]
[White "Guidi, Guido"]
[Black "Lin, Chung-Yu Lee"]
[Result "1-0"]
[WhiteElo "1828"]
[BlackElo "1674"]
[Annotator "SMR-TPE"]
[PlyCount "96"]
[EventDate "2008.11.13"]

1. d4 Nf6 2. Nf3 d5 3. Bf4 e6 4. e3 Be7 5. Be2 Nbd7 6. h3 O-O 7. O-O Ne4 8.
Nbd2 Ndf6 9. a3 c5 10. c3 b6 11. Ne5 Nxd2 12. Qxd2 Ne4 13. Qc2 Bb7 14. Rad1 f6
15. Nf3 g5 16. Bh2 Qe8 17. Nd2 Rc8 18. Nxe4 dxe4 19. Qb3 Qf7 20. f4 exf3 21.
Bxf3 Bc6 22. e4 Rfd8 23. d5 c4 24. dxe6 Qxe6 25. Qc2 Bc5+ 26. Kh1 Qe8 27. Qe2
Kh8 28. Bg4 Rxd1 29. Qxd1 Rd8 30. Qf3 Qe7 31. Qxf6+ Qxf6 32. Rxf6 Bxe4 33. Be5
Kg8 34. Be6+ Kg7 35. Rf4+ Kg6 36. Bf7+ Kh6 37. Rxe4 Rf8 38. Bxc4 Kg6 39. Re1
Re8 40. Bd3+ Kh5 41. Bg3 Rd8 42. Bxh7 g4 43. h4 Rd2 44. Re5+ Kh6 45. Bf4+ Kxh7
46. Bxd2 g3 47. Rxc5 bxc5 48. Bf4 Kg6 1-0

[Event "XXXVIII Olimpiadi (San Marino)"]
[Site "Dresda GER"]
[Date "2008.11.16"]
[Round "4.2"]
[White "Joe Yueh, Wei Po"]
[Black "Volpinari, Danilo"]
[Result "1/2-1/2"]
[WhiteElo "1920"]
[BlackElo "2072"]
[Annotator "SMR-TPE"]
[PlyCount "104"]
[EventDate "2008.11.13"]

1. d4 g6 2. c4 Bg7 3. Nc3 c5 4. d5 Bxc3+ 5. bxc3 Qa5 6. Bd2 f5 7. Nh3 Nf6 8. f3
d6 9. Nf2 Nbd7 10. e4 fxe4 11. fxe4 Ne5 12. Be2 Bd7 13. a4 O-O-O 14. O-O h6 15.
Qb3 Qa6 16. Bf4 Nf7 17. Bg3 h5 18. h3 h4 19. Bh2 Rdf8 20. Bf3 Ng5 21. Nd3 Nfxe4
22. Bxe4 Nxe4 23. Rfe1 Bf5 24. Qb5 Rf7 25. Nf4 Nxc3 26. Qxa6 bxa6 27. Ne6 Bxe6
28. Rxe6 Rg8 29. Ra3 Rgf8 30. Ra1 Nxa4 31. Rxg6 Nb6 32. Rh6 Nxc4 33. Rxh4 Ne3
34. Bg3 Rf1+ 35. Rxf1 Rxf1+ 36. Kh2 Nxd5 37. Ra4 Kb7 38. h4 Nf6 39. Bf4 e5 40.
Bg5 Nd5 41. g4 Rf7 42. Kg3 Nc3 43. Rc4 Ne2+ 44. Kh3 Kc6 45. h5 d5 46. Rc2 Nd4
47. Ra2 Kb5 48. h6 c4 49. Be3 Ne6 50. g5 Nf8 51. Rf2 Rxf2 52. Bxf2 c3 1/2-1/2

[Event "XXXVIII Olimpiadi (San Marino)"]
[Site "Dresda GER"]
[Date "2008.11.16"]
[Round "4.3"]
[White "Grassi, Enrico"]
[Black "Ho, Men-Wei"]
[Result "1-0"]
[WhiteElo "2063"]
[BlackElo "1552"]
[Annotator "SMR-TPE"]
[PlyCount "107"]
[EventDate "2008.11.13"]

1. e4 e5 2. Nf3 Nc6 3. Bb5 a6 4. Bxc6 dxc6 5. O-O Bd6 6. d4 exd4 7. Qxd4 f6 8.
h3 Be6 9. Re1 Ne7 10. Nbd2 O-O 11. Nc4 Ng6 12. Be3 Qe7 13. Nxd6 Qxd6 14. Qc3
Rfd8 15. Nd4 Bf7 16. f3 Qe5 17. Ne2 Qxc3 18. Nxc3 Ne5 19. b3 b6 20. Rad1 c5 21.
Bf4 c6 22. Na4 Rxd1 23. Rxd1 Rb8 24. Nxb6 g5 25. Bxe5 fxe5 26. Nd7 Rc8 27. Nxe5
Be8 28. c4 Rb8 29. Nd3 Rd8 30. Nb2 Rd4 31. Kf2 Kf7 32. Ke3 Rxd1 33. Nxd1 Ke6
34. g3 Bd7 35. f4 h6 36. Nc3 Ke7 37. fxg5 hxg5 38. h4 gxh4 39. gxh4 Kf6 40. Kf4
Be8 41. Na4 Bd7 42. Nxc5 Bc8 43. h5 Kf7 44. Kg5 Kg7 45. e5 Kf8 46. Kf6 Ke8 47.
h6 Kd8 48. h7 Kc7 49. h8=Q a5 50. Qf8 Kb8 51. Qd6+ Ka8 52. Qc7 a4 53. Qxc8+ Ka7
54. Qb7# 1-0

[Event "XXXVIII Olimpiadi (San Marino)"]
[Site "Dresda GER"]
[Date "2008.11.16"]
[Round "4.4"]
[White "Ho Hou-Meng, Herman"]
[Black "Righi, Ezio"]
[Result "1/2-1/2"]
[WhiteElo "1926"]
[BlackElo "2094"]
[Annotator "SMR-TPE"]
[PlyCount "118"]
[EventDate "2008.11.13"]

1. c4 e6 2. Nc3 d5 3. cxd5 exd5 4. d4 c6 5. Nf3 Nf6 6. Bg5 Be7 7. e3 Bf5 8. Bd3
Bxd3 9. Qxd3 O-O 10. Ne5 Nbd7 11. f4 Re8 12. O-O Nf8 13. Bxf6 Bxf6 14. b4 Rc8
15. Rfc1 Bxe5 16. fxe5 f6 17. exf6 Qxf6 18. e4 dxe4 19. Nxe4 Qg6 20. Re1 Rcd8
21. Qc4+ Qe6 22. Qxe6+ Nxe6 23. Nc5 Nxd4 24. Nxb7 Rb8 25. Rxe8+ Rxe8 26. Rd1
Ne2+ 27. Kf2 Nc3 28. Rd8 Kf8 29. a3 Ke7 30. Rd3 Nd5 31. Nc5 Rf8+ 32. Ke1 Kd6
33. Ne4+ Ke5 34. Nc5 Rf4 35. Rh3 Rg4 36. Kf2 h6 37. Rf3 Nf6 38. Re3+ Kd5 39. h3
Rc4 40. Rd3+ Rd4 41. Rxd4+ Kxd4 42. Ne6+ Kc4 43. Nxg7 Kb3 44. Nf5 Kxa3 45. Nd4
Kxb4 46. Nxc6+ Kc5 47. Nxa7 Kd5 48. Kf3 Ke5 49. Nc6+ Ke6 50. Na5 Ke5 51. Nc4+
Kf5 52. Ne3+ Kg6 53. Ng4 Nd5 54. Ke4 Nc3+ 55. Ke5 Ne2 56. Nf2 Ng3 57. Ne4 Ne2
58. g4 Ng1 59. Nf2 h5 1/2-1/2

[Event "XXXVIII Olimpiadi (San Marino)"]
[Site "Dresda GER"]
[Date "2008.11.17"]
[Round "5.1"]
[White "Ermenkov, Evgenij P."]
[Black "Guidi, Guido"]
[Result "1-0"]
[WhiteElo "2465"]
[BlackElo "1828"]
[Annotator "SMR-PLE"]
[PlyCount "65"]
[EventDate "2008.11.13"]

1. e4 c5 2. Nc3 Nc6 3. Nge2 g6 4. d4 cxd4 5. Nxd4 Bg7 6. Nde2 d6 7. g3 Nf6 8.
Bg2 O-O 9. O-O Bd7 10. h3 Rc8 11. Re1 a6 12. a4 Ne5 13. Nd5 Nc4 14. Ra2 Nb6 15.
b3 Nbxd5 16. exd5 b5 17. axb5 axb5 18. Nd4 Re8 19. Be3 Ra8 20. Qa1 Rxa2 21.
Qxa2 Qc8 22. Kh2 Qb7 23. Ra1 Rc8 24. Qa7 Rc7 25. Qxb7 Rxb7 26. Ra8+ Be8 27. Kg1
Kf8 28. Kf1 Nd7 29. Ke1 Rb8 30. Ra7 Nb6 31. Nc6 Nc8 32. Nxb8 Nxa7 33. Bxa7 1-0

[Event "XXXVIII Olimpiadi (San Marino)"]
[Site "Dresda GER"]
[Date "2008.11.19"]
[Round "6.1"]
[White "Guidi, Guido"]
[Black "Simutowe, Amon"]
[Result "0-1"]
[WhiteElo "1828"]
[BlackElo "2462"]
[Annotator "SMR-ZAM"]
[PlyCount "44"]
[EventDate "2008.11.13"]

1. d4 Nf6 2. Nf3 d5 3. Bf4 c5 4. c3 Qb6 5. Qb3 Nc6 6. e3 c4 7. Qxb6 axb6 8. Na3
Bf5 9. Nb5 Ra5 10. a4 Bc2 11. Be2 Rxa4 12. O-O e6 13. Ne5 Be7 14. Nc7+ Kf8 15.
Na8 Bd8 16. Nxc6 bxc6 17. Bd6+ Ke8 18. Rxa4 Bxa4 19. Ra1 b5 20. Bd1 Bxd1 21.
Rxd1 Kd7 22. Bc5 Ba5 0-1

[Event "XXXVIII Olimpiadi (San Marino)"]
[Site "Dresda GER"]
[Date "2008.11.20"]
[Round "7.1"]
[White "Constantinou, Pavlos"]
[Black "Guidi, Guido"]
[Result "1-0"]
[WhiteElo "2093"]
[BlackElo "1828"]
[Annotator "SMR-CYP"]
[PlyCount "67"]
[EventDate "2008.11.13"]

1. d4 c5 2. d5 d6 3. c4 e5 4. e4 f5 5. exf5 Bxf5 6. Ne2 Nf6 7. Ng3 Bg6 8. Nc3
Be7 9. Bd3 Bxd3 10. Qxd3 O-O 11. O-O Nbd7 12. Nge4 Nxe4 13. Nxe4 Rf7 14. Bd2
Nf8 15. a3 Ng6 16. g3 Qf8 17. Kg2 Rf5 18. b4 b6 19. bxc5 bxc5 20. Rab1 h5 21.
Rb7 h4 22. f3 hxg3 23. hxg3 Rh5 24. Rh1 Rxh1 25. Kxh1 Qc8 26. Rb2 Qh3+ 27. Kg1
Qc8 28. Nxd6 Qf8 29. Qxg6 Bxd6 30. Qe6+ Qf7 31. Qxd6 Qxf3 32. Qe6+ Kf8 33. Qxe5
Re8 34. Qf4+ 1-0

[Event "XXXVIII Olimpiadi (San Marino)"]
[Site "Dresda GER"]
[Date "2008.11.22"]
[Round "9.1"]
[White "Volpinari, Danilo"]
[Black "Felizardo Viageiro Alice, Mateus"]
[Result "0-1"]
[WhiteElo "2072"]
[BlackElo "2201"]
[Annotator "SMR-MOZ"]
[PlyCount "80"]
[EventDate "2008.11.13"]

1. e4 c5 2. Nf3 d6 3. d4 cxd4 4. Nxd4 Nf6 5. Nc3 a6 6. Be2 e5 7. Nb3 Be7 8. O-O
O-O 9. a4 Nc6 10. f4 exf4 11. Bxf4 Be6 12. Qd2 Rc8 13. Kh1 Qb6 14. a5 Qd8 15.
Be3 Nd7 16. Nd5 Bxd5 17. exd5 Nce5 18. Ra4 Qc7 19. c3 Nc5 20. Nxc5 dxc5 21. c4
Bd6 22. Ra3 Ng6 23. g3 Rce8 24. Bf2 Qd7 25. Re3 Rxe3 26. Bxe3 Re8 27. Bd3 Ne5
28. b3 g6 29. Kg2 h5 30. Bg5 Qg4 31. h3 Qd4 32. Bf6 Qxd3 33. Qh6 Qxg3+ 34. Kxg3
Ng4+ 35. Qf4 Nxf6 36. b4 Ne4+ 37. Kg2 Bxf4 38. Rxf4 cxb4 39. Kf3 Nd2+ 40. Kf2
b3 0-1

[Event "XXXVIII Olimpiadi (San Marino)"]
[Site "Dresda GER"]
[Date "2008.11.22"]
[Round "9.4"]
[White "Chambule, Pedro Lucas"]
[Black "Righi, Ezio"]
[Result "0-1"]
[WhiteElo "2100"]
[BlackElo "2094"]
[Annotator "SMR-MOZ"]
[PlyCount "126"]
[EventDate "2008.11.13"]

1. e4 c5 2. Nf3 e6 3. d4 cxd4 4. Nxd4 a6 5. Be2 Nf6 6. Nc3 Qc7 7. Be3 Bb4 8. f3
d5 9. Qd3 e5 10. Ndb5 Bxc3+ 11. Qxc3 Qxc3+ 12. Nxc3 d4 13. Na4 Nbd7 14. Bd2 b5
15. Nc3 dxc3 16. Bxc3 Bb7 17. a4 bxa4 18. Rxa4 O-O 19. Kf2 Rfc8 20. Rha1 Nc5
21. Ra5 Nfd7 22. Rd1 Rc7 23. Ra3 Bc8 24. Bxe5 Rb7 25. Bc3 Nf8 26. b4 Nce6 27.
Rxa6 Rxa6 28. Bxa6 Rc7 29. Bxc8 Rxc3 30. Bxe6 Rxc2+ 31. Kg3 fxe6 32. Rd8 Kf7
33. b5 Ke7 34. Rb8 Rb2 35. h4 Nd7 36. Rg8 Kf7 37. Rd8 Nb6 38. h5 h6 39. Rb8
Rxb5 40. e5 Rb4 41. Rb7+ Kg8 42. Re7 Nd5 43. Rxe6 Nf4 44. Re7 Nxh5+ 45. Kf2 Nf4
46. e6 Rb2+ 47. Kf1 g5 48. g3 Ng6 49. Rf7 Rb6 50. Rf6 Ne7 51. f4 h5 52. Kf2 Rb5
53. Kf3 gxf4 54. gxf4 Rf5 55. Rxf5 Nxf5 56. Ke4 h4 57. Kxf5 h3 58. Kf6 Kf8 59.
f5 h2 60. Ke5 h1=Q 61. f6 Qh5+ 62. Kd6 Qf5 63. f7 Qf6 0-1

[Event "XXXVIII Olimpiadi (San Marino)"]
[Site "Dresda GER"]
[Date "2008.11.23"]
[Round "10.1"]
[White "Pesqueira, Jose' Andres"]
[Black "Volpinari, Danilo"]
[Result "1/2-1/2"]
[WhiteElo "1985"]
[BlackElo "2072"]
[Annotator "SMR-ARU"]
[PlyCount "61"]
[EventDate "2008.11.13"]

1. d4 g6 2. c4 Bg7 3. Nf3 c5 4. Nc3 cxd4 5. Nxd4 Nc6 6. Nf3 d6 7. e4 Nf6 8. Be2
O-O 9. O-O Bd7 10. Rb1 a5 11. b3 h6 12. Bb2 Be6 13. Nd4 Nxd4 14. Qxd4 Nd7 15.
Qe3 Nc5 16. Nd5 Bd7 17. Bxg7 Kxg7 18. e5 Bf5 19. Rbd1 Re8 20. exd6 Qxd6 21. Nc3
Qc7 22. Rd5 b6 23. Nb5 Qc8 24. Bf3 Rb8 25. Re5 Be6 26. Na7 Qc7 27. Nb5 Qc8 28.
Na7 Qa6 29. Nc6 Rbc8 30. Nd4 Red8 31. Nxe6+ 1/2-1/2

[Event "XXXVIII Olimpiadi (San Marino)"]
[Site "Dresda GER"]
[Date "2008.11.23"]
[Round "10.3"]
[White "Lopez, Juste"]
[Black "Grassi, Enrico"]
[Result "1/2-1/2"]
[WhiteElo "1948"]
[BlackElo "2063"]
[Annotator "SMR-ARU"]
[PlyCount "64"]
[EventDate "2008.11.13"]

1. e4 d5 2. exd5 Qxd5 3. Nc3 Qa5 4. Nf3 Nf6 5. d4 Bg4 6. Be2 e6 7. O-O c6 8.
Ne5 Bxe2 9. Qxe2 Bd6 10. Nc4 Qc7 11. Nxd6+ Qxd6 12. Be3 Nbd7 13. a3 O-O 14.
Rad1 a6 15. Qf3 Qc7 16. Rfe1 Nd5 17. Ne4 b5 18. Nc5 Nxc5 19. dxc5 Nxe3 20. Rxe3
Rad8 21. Red3 Rd5 22. b4 Rfd8 23. Rxd5 Rxd5 24. Rxd5 exd5 25. Qe3 Kf8 26. g3
Qe7 27. Qd3 Qe1+ 28. Kg2 Qe4+ 29. f3 Qxd3 30. cxd3 Ke7 31. d4 Ke6 32. Kf2 f5
1/2-1/2

[Event "XXXVIII Olimpiadi (San Marino)"]
[Site "Dresda GER"]
[Date "2008.11.23"]
[Round "10.4"]
[White "Righi, Ezio"]
[Black "Jacobusse, Willem Adriaan"]
[Result "1-0"]
[WhiteElo "2094"]
[BlackElo "1999"]
[Annotator "SMR-ARU"]
[PlyCount "105"]
[EventDate "2008.11.13"]

1. e4 c6 2. c4 d5 3. exd5 cxd5 4. cxd5 Qxd5 5. Nc3 Qe5+ 6. Be2 Nc6 7. Nf3 Qa5
8. d4 e6 9. O-O Nf6 10. Bb5 Bd7 11. Re1 Be7 12. Bg5 O-O 13. Rc1 Rfe8 14. Bc4
Nd5 15. Bd2 Nxc3 16. Bxc3 Bb4 17. Ne5 Bxc3 18. Rxc3 Qd8 19. Nxf7 Kxf7 20. Qh5+
Kg8 21. Bd3 h6 22. Qg6 Nxd4 23. Qh7+ Kf8 24. Bg6 Qf6 25. Bxe8 Rxe8 26. Rc7 Ke7
27. Qe4 Rf8 28. f3 Qf4 29. Qxb7 Rd8 30. Qxa7 Ke8 31. Qc5 Qd2 32. Qe5 Nf5 33.
Rcc1 Qd4+ 34. Qxd4 Nxd4 35. Rc4 Nf5 36. a4 Rb8 37. Re2 Ke7 38. g4 Nd6 39. Rd4
Bc6 40. Kf2 Rb3 41. Red2 Nf7 42. f4 Bd5 43. R4d3 Rb4 44. Rd4 Rb3 45. Ke1 Nd6
46. Re2 Bf3 47. Rc2 Ne8 48. g5 h5 49. a5 Bd5 50. a6 Kd7 51. a7 Nc7 52. Rxd5+
exd5 53. Rxc7+ 1-0

[Event "XXXVIII Olimpiadi femminile"]
[Site "Dresda GER"]
[Date "2008.11.16"]
[Round "4.3"]
[White "Hund, Barbara"]
[Black "Brunello, Marina"]
[Result "1-0"]
[WhiteElo "2216"]
[BlackElo "2117"]
[Annotator "ITA-SUI"]
[PlyCount "85"]
[EventDate "2008.11.13"]

1. e4 e5 2. Nf3 Nc6 3. Bb5 a6 4. Ba4 d6 5. Bxc6+ bxc6 6. d4 exd4 7. Qxd4 c5 8.
Qd3 Nf6 9. Bf4 Be7 10. Nc3 Rb8 11. O-O-O Be6 12. h3 Qc8 13. e5 dxe5 14. Nxe5
Rb4 15. Qf3 Qb7 16. Qxb7 Rxb7 17. Nc6 Nh5 18. Be5 Bg5+ 19. Kb1 Rb6 20. Na5 Bf4
21. Rhe1 O-O 22. g3 Bxe5 23. Rxe5 Nf6 24. Rxc5 Rfb8 25. b3 Bxh3 26. Rxc7 Bg4
27. Rd4 h5 28. Kb2 Re8 29. Rc6 Rxc6 30. Nxc6 g5 31. f4 gxf4 32. Rxf4 Kg7 33.
Nb4 Re6 34. a4 Nd7 35. Re4 Rf6 36. Ncd5 Rf3 37. Re3 Rf5 38. Ne7 Rf6 39. Nbd5
Rf2 40. b4 Rd2 41. a5 Be6 42. Nc7 Rd6 43. Ne8+ 1-0

[Event "XXXVIII Olimpiadi femminile"]
[Site "Dresda GER"]
[Date "2008.11.16"]
[Round "4.4"]
[White "De Rosa, Mariagrazia"]
[Black "Lematschko, Tatjana"]
[Result "0-1"]
[WhiteElo "2083"]
[BlackElo "2195"]
[Annotator "ITA-SUI"]
[PlyCount "108"]
[EventDate "2008.11.13"]

1. e4 c6 2. d4 d5 3. Nd2 g6 4. Ngf3 Bg7 5. c3 Nf6 6. Bd3 a5 7. O-O O-O 8. Re1
e6 9. e5 Nfd7 10. Nf1 Qb6 11. Qe2 Qc7 12. Bg5 Re8 13. Qd2 c5 14. h4 b6 15. N1h2
Ba6 16. Bxa6 Nxa6 17. h5 Rec8 18. Rac1 cxd4 19. cxd4 Qb7 20. Ng4 Rxc1 21. Rxc1
Rc8 22. Nh6+ Kf8 23. Rxc8+ Qxc8 24. Qf4 Qe8 25. hxg6 hxg6 26. Nh4 Bxh6 27.
Bxh6+ Kg8 28. Nf3 Nb4 29. a3 Nc6 30. Nh2 Ne7 31. Ng4 Nf5 32. Bg5 Qc8 33. Nf6+
Nxf6 34. exf6 Qd8 35. g4 Nd6 36. Bh6 Ne8 37. g5 Nd6 38. Qh2 Nf5 39. Kg2 Qd6 40.
Qh3 Qf4 41. Qc3 Nxh6 42. Qc8+ Kh7 43. gxh6 Qxf6 44. Qf8 Qxd4 45. Qxf7+ Kxh6 46.
Qxe6 Qe4+ 47. Qxe4 dxe4 48. b3 Kg5 49. Kf1 b5 50. Ke2 Kf4 51. Kd2 Kf3 52. Ke1
g5 53. Kf1 e3 54. fxe3 Kxe3 0-1

[Event "XXXVIII Olimpiadi femminile"]
[Site "Dresda GER"]
[Date "2008.11.17"]
[Round "5.1"]
[White "Sedina, Elena"]
[Black "Caoili, Arianne"]
[Result "1-0"]
[WhiteElo "2365"]
[BlackElo "2170"]
[Annotator "ITA-AUS"]
[PlyCount "77"]
[EventDate "2008.11.13"]

1. e4 e5 2. Nc3 Nc6 3. Bc4 Nf6 4. d3 Bc5 5. Bg5 h6 6. Bh4 Na5 7. Nge2 Nxc4 8.
dxc4 d6 9. Qd3 Be6 10. O-O-O g5 11. Bg3 Nh5 12. Na4 Qf6 13. Nxc5 dxc5 14. Qc3
Nf4 15. Bxf4 gxf4 16. g3 fxg3 17. hxg3 Bg4 18. Rhe1 Bxe2 19. Rxe2 Rd8 20. Red2
Rd4 21. f4 Rxe4 22. fxe5 Qg5 23. e6 O-O 24. exf7+ Rxf7 25. Kb1 Qe5 26. Rd8+ Kg7
27. Qd3 Rd4 28. Rxd4 cxd4 29. b4 Rd7 30. c3 Qe7 31. c5 a5 32. a3 axb4 33. axb4
b6 34. cxb6 cxb6 35. Qc4 dxc3 36. Qg4+ Kh8 37. Rxd7 Qe1+ 38. Rd1 c2+ 39. Kxc2
1-0

[Event "XXXVIII Olimpiadi femminile"]
[Site "Dresda GER"]
[Date "2008.11.17"]
[Round "5.2"]
[White "Nguyen, Thu Giang"]
[Black "Zimina, Olga"]
[Result "0-1"]
[WhiteElo "2101"]
[BlackElo "2368"]
[Annotator "ITA-AUS"]
[PlyCount "54"]
[EventDate "2008.11.13"]

1. e4 e5 2. Nc3 Nc6 3. g3 h5 4. Nf3 Bc5 5. Bg2 d6 6. Na4 Nge7 7. Nxc5 dxc5 8.
d3 Ng6 9. h3 h4 10. g4 Nd4 11. c3 Ne6 12. Be3 Nef4 13. Bf1 Qe7 14. Qc2 Bd7 15.
O-O-O Bc6 16. Ng1 O-O-O 17. Ne2 Rd7 18. Bxf4 exf4 19. f3 Ne5 20. Bg2 Rhd8 21.
d4 Nc4 22. Qb3 Ne3 23. Rdg1 Nxg2 24. Rxg2 Bxe4 25. c4 cxd4 26. Nxd4 Rxd4 27.
Re1 Qe6 0-1

[Event "XXXVIII Olimpiadi femminile"]
[Site "Dresda GER"]
[Date "2008.11.17"]
[Round "5.4"]
[White "Dekic, Biljana N."]
[Black "De Rosa, Mariagrazia"]
[Result "1-0"]
[WhiteElo "2103"]
[BlackElo "2083"]
[Annotator "ITA-AUS"]
[PlyCount "129"]
[EventDate "2008.11.13"]

1. e4 c5 2. Nf3 d6 3. d4 cxd4 4. Nxd4 Nf6 5. Nc3 a6 6. Be2 e6 7. O-O Be7 8. f4
Qc7 9. Be3 O-O 10. Kh1 Nc6 11. Qe1 Nxd4 12. Bxd4 b5 13. a3 Bb7 14. Qg3 Bc6 15.
Rae1 Qb7 16. Bd3 g6 17. Qh3 b4 18. axb4 Qxb4 19. Bxf6 Bxf6 20. e5 dxe5 21. fxe5
Qh4 22. Qxh4 Bxh4 23. Ra1 a5 24. Be4 Rfc8 25. Bxc6 Rxc6 26. Ra4 Bd8 27. Raf4
Ra7 28. Nb5 Rd7 29. c4 Rc5 30. Re4 Rd2 31. b3 h5 32. h3 Rd3 33. Ref4 Rxe5 34.
Rxf7 Rf5 35. R7xf5 gxf5 36. Rf3 Rxf3 37. gxf3 Bb6 38. Kg2 f4 39. Kf1 Kf7 40.
Nd6+ Kf6 41. Ne4+ Ke5 42. Ke2 Kd4 43. Kd2 Bd8 44. Nd6 Be7 45. Nb5+ Kc5 46. Kd3
Kb4 47. Nd4 Bf6 48. Nc6+ Kxb3 49. Nxa5+ Kb4 50. Nc6+ Kc5 51. Na7 Be5 52. Nb5
Bb8 53. Nc3 Be5 54. Ne4+ Kc6 55. Ng5 Kd7 56. Ke4 Bc7 57. Nf7 Ke7 58. Ne5 Kf6
59. Nd3 Kg5 60. c5 Bb8 61. c6 Bc7 62. Nc5 Kh4 63. Nxe6 Bd6 64. Nxf4 Bxf4 65.
Kxf4 1-0

[Event "XXXVIII Olimpiadi femminile"]
[Site "Dresda GER"]
[Date "2008.11.21"]
[Round "8.2"]
[White "Ambrosi, Eleonora"]
[Black "Lindiawati, Evi"]
[Result "1/2-1/2"]
[WhiteElo "2128"]
[BlackElo "2121"]
[Annotator "ITA-INA"]
[PlyCount "104"]
[EventDate "2008.11.13"]

1. e4 d5 2. exd5 Qxd5 3. Nc3 Qa5 4. Bc4 Nf6 5. d4 c6 6. Bd2 Qc7 7. Nf3 Bg4 8.
h3 Bxf3 9. Qxf3 e6 10. O-O-O Nbd7 11. g4 Nb6 12. Bb3 O-O-O 13. g5 Nfd5 14. Ne4
Bb4 15. c4 Bxd2+ 16. Rxd2 Nf4 17. c5 Nbd5 18. Nd6+ Kb8 19. Bxd5 Nxd5 20. Qxf7
Rd7 21. Qf3 Qa5 22. Qb3 Rf8 23. Nc4 Qb4 24. Qxb4 Nxb4 25. a3 Na6 26. Re1 Nc7
27. Nd6 Rf3 28. Re3 Rf4 29. Rb3 Nd5 30. Re2 Re7 31. Rd3 Kc7 32. Kd2 Rh4 33. Re4
Rxe4 34. Nxe4 Rf7 35. Ke1 b6 36. b4 Kd7 37. Nd6 Rf8 38. Kf1 Rf4 39. Ke2 Rf8 40.
Rf3 Rf4 41. Rxf4 Nxf4+ 42. Ke3 Ng2+ 43. Kd2 Nf4 44. h4 b5 45. Nf7 Kc7 46. Ne5
g6 47. Ng4 Ng2 48. Nf6 Nxh4 49. Nxh7 Kd7 50. Nf6+ Ke7 51. Ne4 Nf3+ 52. Kc3 a6
1/2-1/2

[Event "XXXVIII Olimpiadi femminile"]
[Site "Dresda GER"]
[Date "2008.11.21"]
[Round "8.4"]
[White "De Rosa, Mariagrazia"]
[Black "Kadek, Iin Dwijayanti"]
[Result "1-0"]
[WhiteElo "2083"]
[BlackElo "1859"]
[Annotator "ITA-INA"]
[PlyCount "70"]
[EventDate "2008.11.13"]

1. e4 c5 2. Nf3 d6 3. d4 cxd4 4. Nxd4 Nf6 5. Nc3 a6 6. Be2 e5 7. Nb3 Be7 8. O-O
O-O 9. Kh1 Be6 10. f4 exf4 11. Bxf4 Nc6 12. Qe1 Ne5 13. Rd1 Qc7 14. Qg3 Rfd8
15. Nd4 Bd7 16. Bg5 Ng6 17. Bxf6 Bxf6 18. Nd5 Qa5 19. b4 Qxa2 20. Nxf6+ gxf6
21. Rxf6 Be8 22. h4 Kh8 23. h5 Ne7 24. Rxd6 Rxd6 25. Qxd6 Ng8 26. Qf8 f6 27.
Nb3 Qxc2 28. h6 Qc7 29. Bc4 Bb5 30. Qxa8 Bxc4 31. Nd4 Qf4 32. Nf5 Qxe4 33. Qf8
Qf4 34. Qa8 Qg5 35. Rd7 Qc1+ 1-0